ბათუმის შოთა რუსთაველის სახელმწიფო უნივერსიტეტის ბიბლიოთეკა

საქართველოს სახელმწიფოს ხელმძღვანელები ტ. 15 : (ბიბ.ჩანაწერი № 55592)

000 -ლიდერი
ფიქსირებული სიგრძის საკონტროლო ველი 02513nam a2200337Ia 4500
001 - საკონტროლო ნომერი
საკონტროლო ველი 22687
003 - საკონტროლო ნომრის იდენტიფიკატორი
საკონტროლო ველი GE_BSU
005 - ბოლო ოპერაციის თარიღი და დრო
საკონტროლო ველი 20230412171517.0
008 - ფიქსირებული სიგრძის მონაცემთა ელემენტები - ზოგადი ინფორმაცია
ფიქსირებული სიგრძის საკონტროლო ველი 181216s ||||ge |||||||||||||| || ||
010 ## - კონგრესის ბიბლიოთეკის საკონტროლო ნომერი
LC საკონტროლო ნომერი ISSN 1987-5576 ISBN 9789941277184
040 ## - კატალოგიზაციის წყარო
Transcribing agency GE_BSU
041 ## - ენის კოდი
Language code of text/sound track or separate title geo
080 ## - უნივერსალური ათობითი კლასიფიკაციის ინდექსი
Universal Decimal Classification number 342.511(479.22)+929(479.22) ს-32
245 ## - ცნობა სათაურის შესახებ
Title საქართველოს სახელმწიფოს ხელმძღვანელები ტ. 15 :
Remainder of title ნოე ჟორდანია : პოლიტიკური ემიგრაცია /
Statement of responsibility, etc იდეის ავტორი : ემზარ ჯგერენაია, დორის ფოგლი ; მთ.რედ. : შტეპჰმენ ჯონსი ; შემდგენ. : ლილი საყვარელიძე, ეთერ შუბითიძე..
264 ## - წარმოების, გამოცემის, დისტრიბუციის და სხვა ცნობები
გამოცემის, წარმოების, დისტრიბუციის... ადგილი თბილისი :
გამოცემის, წარმოების, დისტრიბუციის... სახელწოდება საქრთველოს პარლამენტის ეროვნული ბიბლიოთეკა,
გამოცემის, წარმოების, დისტრიბუციის... თარიღი 2018.
300 ## - ფიზიკური აღწერა
Extent 725 გვ. ;
Dimensions 21სამ.
490 ## - სერიის ცნობა
Series statement საქართველოს სახელმწიფოს ხელმძღვანელები
Volume number/sequential designation 15
500 ## - ზოგადი შენიშვნა
General note ეძღვნებასაქართველოს დემოკრატიული რესპუბლიკის 100 წლისთავს
501 ## - შენიშვნა თანმხლებ მასალაზე
With note პირთა საძიებელი : გვ. 703-710
501 ## - შენიშვნა თანმხლებ მასალაზე
With note გეოგრაფიული საძ. : გვ.711-715
520 ## - SUMMARY, ETC.
Summary, etc ეძღვნებასაქართველოს დემოკრატიული რესპუბლიკის 100 წლისთავს.
653 ## - INDEX TERM--UNCONTROLLED
Uncontrolled term ბიოგრაფიული და მონათესავე გამოკვლევები
653 ## - INDEX TERM--UNCONTROLLED
Uncontrolled term ნოე ჟორდანია:პოლიტიკური ემიგრაცია
653 ## - INDEX TERM--UNCONTROLLED
Uncontrolled term საქართველოს სახელმწიფოს ხელმძღვანელები ტ. 14
653 ## - INDEX TERM--UNCONTROLLED
Uncontrolled term სახელმწიფო (საჯარო სამართალი)
700 ## - ADDED ENTRY--PERSONAL NAME
Personal name ჯონსი, შტეპჰმენ
Relator term მთ.რედაქტორი
9 (RLIN) 17635
700 ## - ADDED ENTRY--PERSONAL NAME
Personal name საყვარელიძე, ლილი
Relator term შემდგენელი
9 (RLIN) 17636
700 ## - ADDED ENTRY--PERSONAL NAME
Personal name შუბითიძე, ეთერ
Relator term შემდგენელი
9 (RLIN) 17637
942 ## - ADDED ENTRY ELEMENTS (KOHA)
Koha item type წიგნი
Source of classification or shelving scheme
ეგზემპლარები
ჩამოწერის სტატუსი დაკარგული ეგზემპლარის სტატუსი კლასიფიკაციის წყარო ან თაროზე გაწყობის სქემა დაზიანების სტატუსი არ გაიცემა მუდმივი მდებარეობა (დაცვის ადგილი) ამჟამინდელი ადგილსამყოფელი თაროზე განთავსების ადგილი შეძენის თარიღი ღირებულება, შესყიდვის ნორმალური ფასი სრული შენახვის შიფრი შტრიხკოდი ბოლო ოპერაციის თარიღი ეგზემპლარის მიმდევრობითი ნომერი (კეტერი?) ფასის ძალაში შესვლის თარიღი ეგზემპლარის სახეობა საჯარო შენიშვნა
          ბათუმის შოთა რუსთაველის სახელმწიფო უნივერსიტეტის მთავარი ბიბლიოთეკა ბათუმის შოთა რუსთაველის სახელმწიფო უნივერსიტეტის მთავარი ბიბლიოთეკა წიგნსაცავი 2018-12-17 10.00 342.511(479.22)+929(479.22) ს-32 58090 2018-12-17 58090 2018-12-17 წიგნი 10.00 ₾.
          ბათუმის შოთა რუსთაველის სახელმწიფო უნივერსიტეტის მთავარი ბიბლიოთეკა ბათუმის შოთა რუსთაველის სახელმწიფო უნივერსიტეტის მთავარი ბიბლიოთეკა წიგნსაცავი 2018-12-17 10.00 342.511(479.22)+929(479.22) ს-32 58091 2018-12-17 58091 2018-12-17 წიგნი 10.00 ₾.